Založenie a vznik spoločnosti s ručením obmedzeným

Guardado en:
Detalles Bibliográficos
Autor principal: Veterníková, Mária, 1964-
Formato: Capítulo de libro
Lenguaje:eslovaco
Materias:
Etiquetas: Agregar Etiqueta
Sin Etiquetas, Sea el primero en etiquetar este registro!

MARC

LEADER 00000naa$a2200000$$$4500
001 0295740
005 20240909094440.1
041 0 |a slo 
044 |a SK 
245 1 0 |a Založenie a vznik spoločnosti s ručením obmedzeným  |c Mária Veterníková 
610 2 0 |a spoločnosti s r.o. 
610 2 0 |a spoločnosti obchodné 
610 2 0 |a zmluvy spoločenské 
610 2 0 |a úpravy právne 
610 2 0 |a zákonník obchodný 
100 1 |a Veterníková, Mária, 1964-